[Event "Monaco Sulava Memorial 1st"]
[Site "Monte Carlo"]
[Date "2019.11.29"]
[Round "1"]
[White "Escafre, Stephane"]
[Black "Villegas, Pierre"]
[Result "0-1"]
[WhiteElo "1769"]
[BlackElo "2333"]
[PlyCount "62"]
[EventDate "2019.11.29"]
[EventType "swiss"]
[EventRounds "9"]
[EventCountry "MNC"]
[SourceTitle "CBM 193 Extra"]
[Source "ChessBase"]
[SourceDate "2020.01.31"]
[SourceVersion "1"]
[SourceVersionDate "2020.01.31"]
[SourceQuality "1"]

1. e4 c6 2. d4 d5 3. e5 c5 4. c3 Nc6 5. f4 Bf5 6. Nf3 e6 7. Be3 Qb6 8. Qb3 c4 9. Qxb6 axb6 10. Nbd2 b5 11. Be2 h6 12. 0-0 b4 13. Nh4 Bh7 14. f5 Be7 15. fxe6 fxe6 16. Nhf3 bxc3 17. bxc3 Ba3 18. Nh4 Nge7 19. Bh5+ g6 20. Bd1 Bb2 21. Rb1 Rxa2 22. Rf6 Nf5 23. Nxf5 gxf5 24. Rxe6+ Kd7 25. Rd6+ Kc7 26. Rxd5 f4 27. Bxf4 Bxb1 28. e6+ Kb6 29. Nxc4+ Ka7 30. Bd6 Bxc3 31. e7 Bxd4+ 0-1

[Event "Salon de Provence op 6th"]
[Site "Salon de Provence"]
[Date "2015.07.04"]
[Round "8"]
[White "Kizil, Yilmaz"]
[Black "Escafre, Stephane"]
[Result "1-0"]
[WhiteElo "1704"]
[BlackElo "1795"]
[PlyCount "86"]
[EventDate "2015.07.04"]
[EventType "swiss"]
[EventRounds "9"]
[EventCountry "FRA"]
[SourceTitle "EXT 2016"]
[Source "ChessBase"]
[SourceDate "2015.10.08"]
[SourceVersion "1"]
[SourceVersionDate "2015.10.08"]
[SourceQuality "1"]

1. e4 e6 2. d4 d5 3. Nc3 Nf6 4. e5 Nfd7 5. f4 c5 6. Nf3 Qb6 7. Na4 Qa5+ 8. c3 cxd4 9. b4 Qc7 10. Nxd4 a6 11. Bd2 b5 12. Nb2 Nc6 13. a4 bxa4 14. Nxa4 Rb8 15. Be3 Be7 16. Bd3 a5 17. Nxc6 Qxc6 18. b5 Rxb5 19. Bxb5 Qxb5 20. Kf2 Ba6 21. Qd2 0-0 22. Rhb1 Qc4 23. Nb6 Nxb6 24. Rxb6 a4 25. Rbb1 f6 26. Kg1 fxe5 27. fxe5 a3 28. Qd4 Qe2 29. Qa7 a2 30. Re1 Qc4 31. Qxe7 d4 32. Bxd4 h5 33. h3 Qd5 34. Qd6 Qc4 35. Qa3 Bb7 36. Qxa2 Qc6 37. Qe2 Rf5 38. Ra2 Rg5 39. Rb1 Rg3 40. Rxb7 Qxb7 41. Rb2 Qf7 42. Rb8+ Kh7 43. Qe4+ g6 1-0

[Event "Corsica CC op 32th"]
[Site "Bastia"]
[Date "2008.11.28"]
[Round "?"]
[White "Rossi, Pascal"]
[Black "Escafre, Stephane"]
[Result "0-1"]
[WhiteElo "1862"]
[BlackElo "1842"]
[PlyCount "64"]
[EventDate "2008.11.08"]
[EventType "swiss"]
[EventRounds "5"]
[EventCountry "FRA"]
[SourceTitle "CBM 127 Extra"]
[Source "ChessBase"]
[SourceDate "2009.01.08"]
[SourceVersion "2"]
[SourceVersionDate "2009.01.28"]
[SourceQuality "1"]

1. e4 d6 2. d4 Nf6 3. Nc3 g6 4. Be3 Bg7 5. Qd2 0-0 6. f3 Re8 7. 0-0-0 b6 8. Bh6 Bh8 9. h4 Bb7 10. h5 e5 11. dxe5 Nxh5 12. exd6 Ng3 13. Rh3 Nxf1 14. Rxf1 Bc8 15. g4 Qxd6 16. Qe3 Be6 17. Nge2 Bc4 18. Rfh1 Qb4 19. Bf4 Bxe2 20. Qxe2 Bxc3 21. bxc3 Qxc3 22. Kb1 Qb4+ 23. Kc1 Qc3 24. Qe3 Qf6 25. Bxc7 h5 26. gxh5 g5 27. h6 Nc6 28. h7+ Kh8 29. Rh6 Qg7 30. Rxc6 Qa1+ 31. Kd2 Qxh1 32. Be5+ Rxe5 0-1

[Event "Bastiais Master 4th"]
[Site "Bastia"]
[Date "2006.11.??"]
[Round "?"]
[White "Humeau, Cyril"]
[Black "Escafre, Stephane"]
[Result "1-0"]
[WhiteElo "2142"]
[BlackElo "1838"]
[PlyCount "135"]
[EventDate "2006.11.??"]
[EventType "swiss"]
[EventRounds "9"]
[EventCountry "FRA"]
[SourceTitle "CBM 115 Extra"]
[Source "ChessBase"]
[SourceDate "2007.01.10"]
[SourceVersion "1"]
[SourceVersionDate "2007.01.10"]
[SourceQuality "1"]

1. c4 c5 2. Nf3 Nc6 3. Nc3 Nf6 4. g3 g6 5. Bg2 Bg7 6. 0-0 0-0 7. d4 cxd4 8. Nxd4 Qb6 9. Nc2 d6 10. b3 Bf5 11. e4 Bg4 12. Qd2 Ne5 13. h3 Bxh3 14. Ne3 Bxg2 15. Kxg2 Nc6 16. Bb2 Qd4 17. Qxd4 Nxd4 18. Rad1 Nc6 19. Rd2 a6 20. f3 Rfd8 21. Ncd5 Nd7 22. Rfd1 Bxb2 23. Rxb2 b5 24. Nc7 Ra7 25. cxb5 axb5 26. Nxb5 Rb7 27. Nd4 Nxd4 28. Rxd4 Rc8 29. Rc4 Nc5 30. Rbc2 Rcb8 31. e5 Nd3 32. Rc8+ Kg7 33. Rxb8 Rxb8 34. Rc7 dxe5 35. Nc4 Kf6 36. Rc6+ Kg7 37. Rc7 Kf6 38. Nd2 Ke6 39. Rc3 Nb4 40. a3 Nd5 41. Rc6+ Kd7 42. Rc5 Ke6 43. b4 Ra8 44. Nc4 Ra7 45. Rc6+ Kf5 46. Kf2 h5 47. b5 Rb7 48. a4 Nb4 49. Rc8 Ke6 50. Ke2 f5 51. Rc5 e4 52. fxe4 fxe4 53. Re5+ Kf6 54. Rxe4 Nd5 55. Kf2 g5 56. Ne3 e6 57. Nxd5+ exd5 58. Rb4 Ke5 59. a5 Kd6 60. a6 Rf7+ 61. Kg2 Kc5 62. b6 Kxb4 63. a7 Rxa7 64. bxa7 Kc3 65. a8Q d4 66. Qa5+ Kc2 67. Qxg5 h4 68. gxh4 1-0

[Event "Pic d'Anie op 3rd"]
[Site "Pic d'Anie"]
[Date "2006.08.07"]
[Round "1"]
[White "Escafre, Stephane"]
[Black "Crespin, Philippe"]
[Result "1-0"]
[WhiteElo "1831"]
[BlackElo "1499"]
[PlyCount "65"]
[EventDate "2006.08.07"]
[EventType "swiss"]
[EventRounds "7"]
[EventCountry "FRA"]
[SourceTitle "CBM 113 Extra"]
[Source "ChessBase"]
[SourceDate "2006.09.14"]
[SourceVersion "1"]
[SourceVersionDate "2006.09.14"]
[SourceQuality "1"]

1. e4 e5 2. d4 exd4 3. Nf3 Nf6 4. Qxd4 Nc6 5. Qc4 Qe7 6. Bd3 d5 7. Qa4 dxe4 8. 0-0 exf3 9. Bd2 fxg2 10. Re1 Be6 11. Bb5 Qd6 12. Bc3 Ng4 13. Qxg4 0-0-0 14. Qa4 Kb8 15. Na3 Be7 16. b4 Nxb4 17. Rab1 Nd5 18. Bc6 Nb6 19. Rxb6 cxb6 20. Be5 Qxe5 21. Rxe5 Rd1+ 22. Kxg2 bxc6 23. Qxc6 Bxa3 24. Qf3 Rd2 25. Qxa3 Rxc2 26. Qg3 Kb7 27. Qxg7 Re8 28. Rxe6 Rxe6 29. Qxf7+ Ka6 30. Qxe6 h5 31. Qb3 Rc5 32. f4 Rb5 33. Qd3 1-0

[Event "Marseille Hiver op"]
[Site "Marseille"]
[Date "2005.12.29"]
[Round "6"]
[White "Houard, Sebastien"]
[Black "Escafre, Stephane"]
[Result "1/2-1/2"]
[WhiteElo "2038"]
[BlackElo "1807"]
[PlyCount "67"]
[EventDate "2005.12.27"]
[EventType "swiss"]
[EventRounds "9"]
[EventCountry "FRA"]
[SourceTitle "CBM 110 Extra"]
[Source "ChessBase"]
[SourceDate "2006.03.10"]
[SourceVersion "2"]
[SourceVersionDate "2006.03.10"]
[SourceQuality "1"]

1. e4 e5 2. Bc4 Nf6 3. d3 Bc5 4. Nc3 d6 5. Na4 Bb6 6. Nxb6 axb6 7. Ne2 0-0 8. Bg5 Be6 9. Bxe6 fxe6 10. f4 Nc6 11. 0-0 Qe8 12. Ng3 exf4 13. Bxf4 e5 14. Be3 Qg6 15. Nf5 Ng4 16. Qd2 Qh5 17. h3 Nxe3 18. Qxe3 Rf7 19. a3 Raf8 20. c3 Kh8 21. Rf2 Ne7 22. g4 Nxf5 23. Rxf5 Qh4 24. Raf1 Rxf5 25. exf5 g6 26. fxg6 Rxf1+ 27. Kxf1 hxg6 28. Qf3 Kg7 29. Kg2 Qe1 30. Qf2 Qd1 31. d4 e4 32. g5 Kg8 33. Qf6 Qd2+ 34. Kg3 1/2-1/2

[Event "Marseille Hiver op"]
[Site "Marseille"]
[Date "2005.12.27"]
[Round "2"]
[White "Escafre, Stephane"]
[Black "Costa, Jean Yves"]
[Result "1-0"]
[WhiteElo "1807"]
[BlackElo "2015"]
[PlyCount "62"]
[EventDate "2005.12.27"]
[EventType "swiss"]
[EventRounds "9"]
[EventCountry "FRA"]
[SourceTitle "CBM 110 Extra"]
[Source "ChessBase"]
[SourceDate "2006.03.10"]
[SourceVersion "2"]
[SourceVersionDate "2006.03.10"]
[SourceQuality "1"]

1. e4 c6 2. d4 d5 3. e5 Bf5 4. f4 e6 5. Nf3 Nd7 6. Be3 Qb6 7. b3 Ne7 8. c4 c5 9. Qd2 dxc4 10. Bxc4 Nc6 11. 0-0 cxd4 12. Nxd4 Nxd4 13. Bxd4 Bc5 14. Bf2 Rd8 15. Qe2 0-0 16. Nc3 Qb4 17. Nb5 a6 18. a3 Bxf2+ 19. Qxf2 Qe7 20. Nd6 b5 21. Be2 Bg6 22. Rac1 f6 23. Qa7 Ra8 24. Qc7 fxe5 25. fxe5 Rxf1+ 26. Rxf1 Qd8 27. Qc3 Qg5 28. Qc6 Qe3+ 29. Kh1 Qa7 30. Nc8 Rxc8 31. Qxc8+ Nf8 1-0

[Event "Pic d'Anie op 1st"]
[Site "Arette"]
[Date "2004.08.??"]
[Round "1"]
[White "Escafre, Stephane"]
[Black "Sanchez, Nicolas"]
[Result "1/2-1/2"]
[WhiteElo "1850"]
[BlackElo "2146"]
[PlyCount "126"]
[EventDate "2004.08.??"]
[EventType "swiss"]
[EventRounds "7"]
[EventCountry "FRA"]
[SourceTitle "EXT 2007"]
[Source "ChessBase"]
[SourceDate "2006.11.23"]
[SourceVersion "1"]
[SourceVersionDate "2006.11.23"]
[SourceQuality "1"]

1. e4 g6 2. d4 Bg7 3. e5 c5 4. c3 cxd4 5. cxd4 d6 6. f4 Nh6 7. Bb5+ Bd7 8. Bxd7+ Qxd7 9. Nf3 0-0 10. 0-0 dxe5 11. dxe5 Qc7 12. Nc3 Rd8 13. Qe2 a6 14. Be3 Ng4 15. Rad1 Rxd1 16. Rxd1 Nxe3 17. Qxe3 Nc6 18. Nd5 Qa5 19. Qb6 Qxb6+ 20. Nxb6 Rd8 21. Rxd8+ Nxd8 22. Nd4 f6 23. Nd7 fxe5 24. Nxe5 g5 25. g3 Nf7 26. Ndf3 Nxe5 27. fxe5 g4 28. Ng5 Bxe5 29. b3 Bd4+ 30. Kg2 e5 31. h3 h5 32. hxg4 hxg4 33. Ne4 Kg7 34. Nd6 b6 35. Kf1 Kf6 36. Ke2 Bc5 37. Ne4+ Ke6 38. Kd3 Kf5 39. Nc3 Bf2 40. Ne4 Be1 41. Ke3 Ke6 42. Kd3 Bb4 43. Nf2 Kd5 44. Ne4 Be1 45. Ke3 Ke6 46. Kd3 Bb4 47. Nf2 a5 48. Ne4 Bc5 49. Nc3 Bg1 50. Ne4 Bh2 51. Ke3 b5 52. Kd3 Kd5 53. Ke3 a4 54. Kd3 axb3 55. axb3 Bg1 56. b4 Bh2 57. Nf6+ Ke6 58. Ne4 Ke7 59. Ke3 Bg1+ 60. Kd3 Bd4 61. Ng5 Bb6 62. Ne4 Bd4 63. Ng5 Bf2 1/2-1/2

[Event "Syre Memorial op 20th"]
[Site "Issy les Moulineaux"]
[Date "1997.05.??"]
[Round "?"]
[White "Escafre, Stephane"]
[Black "Flear, Christine"]
[Result "0-1"]
[WhiteElo "1630"]
[BlackElo "2250"]
[PlyCount "52"]
[EventDate "1997.05.??"]
[EventType "swiss"]
[EventRounds "9"]
[EventCountry "FRA"]
[SourceTitle "EXT 2007"]
[Source "ChessBase"]
[SourceDate "2006.11.23"]
[SourceVersion "1"]
[SourceVersionDate "2006.11.23"]
[SourceQuality "1"]

1. d4 Nf6 2. c4 e5 3. dxe5 Ng4 4. Nf3 Nc6 5. Bf4 Bb4+ 6. Nbd2 Qe7 7. e3 Ngxe5 8. Be2 a5 9. 0-0 0-0 10. Nd4 d6 11. Ne4 Nxc4 12. Bxc4 Qxe4 13. Bd3 Qe8 14. Qh5 g6 15. Qh4 Ne5 16. Be2 Bd7 17. Bh6 Qd8 18. Qg3 Re8 19. f4 Nc6 20. Bd3 Nxd4 21. exd4 f5 22. Bg5 Qc8 23. Rf3 Bc6 24. Rff1 Qe6 25. Kf2 Bd2 26. Qe3 Qxe3# 0-1